Alternating current machines (Record no. 23298)

000 -LEADER
fixed length control field 00516nam a22001937a 4500
001 - CONTROL NUMBER
control field 23298
003 - CONTROL NUMBER IDENTIFIER
control field BD-DhUET
008 - FIXED-LENGTH DATA ELEMENTS--GENERAL INFORMATION
fixed length control field 150503b xxu||||| |||| 00| 0 eng d
040 ## - CATALOGING SOURCE
Original cataloging agency DLC
Transcribing agency DLC
Modifying agency BD-DhUET
082 ## - DEWEY DECIMAL CLASSIFICATION NUMBER
Classification number 623.133
Item number COT/1960
100 ## - MAIN ENTRY--PERSONAL NAME
Personal name Cotton, H.
245 ## - TITLE STATEMENT
Title Alternating current machines
250 ## - EDITION STATEMENT
Edition statement 2nd ed.
260 ## - PUBLICATION, DISTRIBUTION, ETC. (IMPRINT)
Place of publication, distribution, etc. London
Name of publisher, distributor, etc. Macmillan
Date of publication, distribution, etc. 1960
300 ## - PHYSICAL DESCRIPTION
Extent 328p.
Other physical details ill.
490 ## - SERIES STATEMENT
Series statement Cleaver-Hume electrical series, no. 4
650 #0 - SUBJECT ADDED ENTRY--TOPICAL TERM
Topical term or geographic name as entry element Alternating current : Electrical machinery
942 ## - ADDED ENTRY ELEMENTS (KOHA)
Koha item type General Book
Holdings
Koha full call number Source of classification or shelving scheme Not for loan Sublocation or collection (holding branch) Koha normalized classification for sorting Price effective from Lost status Date acquired Koha date last seen Piece designation (barcode) Damaged status Copy number Koha item type Withdrawn status Shelving location Location (home branch)
623.133/COT/1960  Central Library, BUET623_133000000000000_COT_19602015-05-03 2015-05-032015-05-0322776 1General Book Circulation sectionCentral Library, BUET
623.133/COT/1960  Central Library, BUET623_133000000000000_COT_19602015-05-03 2015-05-032015-05-0322777 2General Book Circulation sectionCentral Library, BUET
623.133/COT/1960  Central Library, BUET623_133000000000000_COT_19602015-05-03 2015-05-032015-05-0322775 3General Book Circulation sectionCentral Library, BUET
623.133/COT/1960  Central Library, BUET623_133000000000000_COT_19602015-05-03 2015-05-032015-05-0322781 4General Book Circulation sectionCentral Library, BUET
623.133/COT/1960  Central Library, BUET623_133000000000000_COT_19602015-05-03 2015-05-032015-05-0322779 5General Book Circulation sectionCentral Library, BUET
623.133/COT/1960  Central Library, BUET623_133000000000000_COT_19602015-05-03 2015-05-032015-05-0322778 6General Book Circulation sectionCentral Library, BUET
623.133/COT/1960  Central Library, BUET623_133000000000000_COT_19602015-05-03 2015-05-032015-05-0322782 7General Book Circulation sectionCentral Library, BUET
623.133/COT/1960  Central Library, BUET623_133000000000000_COT_19602015-05-03 2015-05-032015-05-0322780 8General Book Circulation sectionCentral Library, BUET
623.133/COT/1960  Central Library, BUET623_133000000000000_COT_19602015-05-03 2015-05-032015-05-0322774 9General Book Circulation sectionCentral Library, BUET
623.133/COT/1960  Central Library, BUET623_133000000000000_COT_19602015-05-03 2015-05-032015-05-0322783 10General Book Circulation sectionCentral Library, BUET